Katalóg výstav v Slovenskej republike '98

Saved in:
Bibliographic Details
Format: Book
Language:Slovak
English
German
Published: Bratislava Slovenská obchodná a priemyselná komora 1997
Edition:1. vyd.
Subjects:
Tags: Add Tag
No Tags, Be the first to tag this record!

MARC

LEADER 00000nam a2200000 4500
001 c020196
005 20240104101418.2
020 |a 80-85588-57-9 
041 0 |a slo 
041 0 |a eng 
041 0 |a ger 
044 |a SK 
245 1 0 |a Katalóg výstav v Slovenskej republike '98 
250 |a 1. vyd. 
264 1 |a Bratislava  |b Slovenská obchodná a priemyselná komora  |c 1997 
300 |a 224 s. 
610 2 0 |a katalógy 
610 2 0 |a výstavy 
610 2 0 |a Slovensko 
610 2 0 |a 1998